000 00860nam a2200265Ia 4500
003 OSt
005 20221005092612.0
006 a|||||r|||| 00| 0
007 ta
008 221004b |||||||| |||| 00| 0 eng d
020 _a9780415772396 (pbk)
_c1463.86
024 _a96525
037 _b06515, 31/03/2009, Atlantic Publisher & Dist. Pvt Ltd.
_cTextual
040 _aCRL
_cCRL
_beng
041 _2eng
_aeng
082 _aV73:19(zM).N9, P9
100 _aDer Derian James
245 0 _aVirtuous war
_b Mapping the military industrial media entertainment network
250 _a2nd
260 _aNew York
_bRoutledge USA
_c2009
300 _axxxviii,330p.
_ccm.
650 _aHISTORY
942 _hV73:19(zM).N9, P9
_cTEXL
_2cc
999 _c999106
_d999106